|
|
|
|
| LEADER |
01153nam a2200265 a 4500 |
| 001 |
14905674 |
| 008 |
110502s2010 nyu b 001 0 eng d |
| 010 |
|
|
|a 2007026817
|
| 020 |
|
|
|a 9788130912950
|
| 020 |
|
|
|a 0791095983 (acid-free paper)
|
| 020 |
|
|
|a 9780791095980 (acid-free paper)
|
| 040 |
|
|
|a DLC
|c DLC
|d IG#
|d YDXCP
|d BAKER
|d BTCTA
|d DLC
|d BD-DhAAL
|
| 082 |
0 |
0 |
|a 822.3/3
|2 22
|
| 245 |
0 |
4 |
|a The taming of the shrew /
|c edited and with an introduction by Harold Bloom ; volume editor, Pamela Loos.
|
| 260 |
|
|
|a New York :
|b Facts on file, Inc. ;
|a New Delhi :
|b Viva books,
|c 2010.
|
| 300 |
|
|
|a xii, 196 p. ;
|c 24 cm.
|
| 490 |
0 |
|
|a Harold Bloom's Shakespeare through the ages.
|
| 504 |
|
|
|a Includes bibliographical references and index.
|
| 541 |
|
|
|e 00022419
|
| 600 |
1 |
0 |
|a Shakespeare, William
|d 1564-1616
|t Taming of the shrew.
|
| 700 |
1 |
|
|a Bloom, Harold.
|
| 700 |
1 |
|
|a Loos, Pamela.
|
| 852 |
4 |
|
|a Ayesha Abed Library
|j General shelf
|
| 999 |
|
|
|c 10779
|d 10779
|
| 952 |
|
|
|0 0
|1 0
|2 ddc
|4 0
|6 822_330000000000000_TAM
|7 0
|9 16245
|a BRACUL
|b BRACUL
|c GEN
|d 2011-05-03
|e Friends book corner
|g 667.00
|l 11
|m 53
|o 822.33 TAM
|p 3010022419
|r 2025-09-18
|s 2025-09-10
|t 1
|w 2011-05-03
|y BK
|